American History - Tile Select - Statistics

General Stats
  • This quiz has been taken 85 times
  • The average score is 51 of 70
Answer Stats
Question Tile Select % Correct
Allies of America in WW2 United Kingdom Yes
99%
Allies of America in WW2 Japan No
97%
Losing Presidential Candidates (they could of won an election, but if they lost one, they count) Barack Obama No
96%
Allies of America in WW2 France Yes
96%
Losing Presidential Candidates (they could of won an election, but if they lost one, they count) Dwight D. Eisenhower No
94%
Cities in Florida, California and Texas Raleigh No
93%
Cities in Florida, California and Texas Albuquerque No
91%
State with a population over 10 million Montana No
91%
Losing Presidential Candidates (they could of won an election, but if they lost one, they count) John F. Kennedy No
90%
State with a population over 10 million Alaska No
89%
Cities in Florida, California and Texas Atlanta No
89%
Cities in Florida, California and Texas Las Vegas No
89%
Cities in Florida, California and Texas Seattle No
89%
Losing Presidential Candidates (they could of won an election, but if they lost one, they count) Abraham Lincoln No
87%
State with a population over 10 million New Mexico No
87%
Cities in Florida, California and Texas Walla Walla No
87%
State with a population over 10 million Florida Yes
86%
Losing Presidential Candidates (they could of won an election, but if they lost one, they count) Martin Luther King Jr. No
86%
State with a population over 10 million New York Yes
86%
Losing Presidential Candidates (they could of won an election, but if they lost one, they count) Ronald Reagan No
86%
Allies of America in WW2 Soviet Union Yes
86%
State with a population over 10 million Texas Yes
86%
State with a population over 10 million Wisconsin No
86%
State with a population over 10 million Alabama No
84%
Cities in Florida, California and Texas Raleighville No
84%
States which share borders Alaska-Washington No
83%
Cities in Florida, California and Texas Austin Yes
81%
Cities in Florida, California and Texas Dallas Yes
81%
Cities in Florida, California and Texas Atlantic City No
80%
Losing Presidential Candidates (they could of won an election, but if they lost one, they count) Donald Trump Yes
80%
Cities in Florida, California and Texas Jackson No
80%
State with a population over 10 million Minnesota No
80%
Cities in Florida, California and Texas San Jose Yes
80%
Allies of America in WW2 South Korea No
80%
States which share borders Wyoming-New Mexico No
80%
States which share borders North Dakota-Nebraska No
79%
Cities in Florida, California and Texas Tampa Yes
79%
Cities in Florida, California and Texas San Antonio Yes
77%
Cities in Florida, California and Texas Jacksonville Yes
74%
State with a population over 10 million Tennessee No
74%
Cities in Florida, California and Texas El Paso Yes
73%
Losing Presidential Candidates (they could of won an election, but if they lost one, they count) John Kerry Yes
71%
States which share borders Montana-Washington No
71%
Losing Presidential Candidates (they could of won an election, but if they lost one, they count) Micheal Dukakis Yes
70%
State with a population over 10 million Pennsylvania Yes
69%
States which share borders Vermont- Rhode Island No
67%
States which share borders Nevada-Colorado No
66%
States which share borders Massachusetts-Maine No
64%
States which share borders Mississippi-Florida No
64%
Losing Presidential Candidates (they could of won an election, but if they lost one, they count) Sarah Palin No
64%
States which share borders Nevada-Arizona Yes
63%
State with a population over 10 million Arizona No
61%
Losing Presidential Candidates (they could of won an election, but if they lost one, they count) Henry Clay Yes
61%
Allies of America in WW2 Ireland No
60%
States which share borders New York-Connecticut Yes
60%
Losing Presidential Candidates (they could of won an election, but if they lost one, they count) Richard Nixon Yes
60%
States which share borders Virginia-Maryland Yes
60%
Losing Presidential Candidates (they could of won an election, but if they lost one, they count) Jimmy Carter Yes
59%
States which share borders Alabama-Florda Yes
56%
State with a population over 10 million Ohio Yes
51%
State with a population over 10 million Georgia Yes
49%
States which share borders Texas-Arkansas Yes
49%
States which share borders Delaware-Pennsylvania Yes
46%
Losing Presidential Candidates (they could of won an election, but if they lost one, they count) George H. Bush No
46%
Losing Presidential Candidates (they could of won an election, but if they lost one, they count) John Adams Yes
44%
State with a population over 10 million Michigan No
41%
State with a population over 10 million North Carolina Yes
41%
States which share borders West Virginia-Maryland Yes
39%
States which share borders Georgia-North Carolina Yes
23%
Losing Presidential Candidates (they could of won an election, but if they lost one, they count) William H. Harrison Yes
19%
No matching quizzes found
Score Distribution
Percent of People with Each Score
Percentile by Number Answered
Your Score History
You have not taken this quiz